000 00717nam a2200253Ia 4500
003 OSt
005 20220918200532.0
006 a|||||r|||| 00| 0
007 ta
008 220917b |||||||| |||| 00| 0 eng d
024 _a89,218
037 _cTextual
040 _aARTS
_cARTS
_beng
041 _2eng
_aeng
082 _aT9(Y31):3(A).2, L6
100 _aKalra R.M.
_994530
245 0 _aMeaningful science education for rural schools in India
260 _aNew Delhi
_bSterling
_c1976
300 _a114p. tables
_ccm.
500 _aAppendix p101--108; Bibliography p109--112
650 _aEDUCATION
942 _hT9(Y31):3(A).2, L6
_cTEXL
_2CC
999 _c212888
_d212888